MAASAI MARA UNIVERSITY

LIBRARY CATALOGUE

Contact Us: +254 020 2685356/7 or 0774 057787

Box: 861-20500, NAROK, KENYA

Email: info@mmarau.ac.ke

Foundations in microbiology Basic principles (Record no. 15181)

MARC details
000 -LEADER
fixed length control field 00667nam a22002177a 4500
003 - CONTROL NUMBER IDENTIFIER
control field OSt
005 - DATE AND TIME OF LATEST TRANSACTION
control field 20170518095512.0
008 - FIXED-LENGTH DATA ELEMENTS--GENERAL INFORMATION
fixed length control field 160205b xxu||||| |||| 00| 0 eng d
020 ## - INTERNATIONAL STANDARD BOOK NUMBER
International Standard Book Number 9.780072995e+012
040 ## - CATALOGING SOURCE
Original cataloging agency mmu
Language of cataloging eng
Transcribing agency mmu
050 ## - LIBRARY OF CONGRESS CALL NUMBER
Classification number QR41.2 .T35 2008
100 ## - MAIN ENTRY--PERSONAL NAME
Personal name Talaro, Kathleen Park
245 ## - TITLE STATEMENT
Title Foundations in microbiology Basic principles
Statement of responsibility, etc. Kathleen Park Talaro
260 ## - PUBLICATION, DISTRIBUTION, ETC. (IMPRINT)
Place of publication, distribution, etc. New York
Name of publisher, distributor, etc. McGraw Hill ,
Date of publication, distribution, etc. 2005
300 ## - PHYSICAL DESCRIPTION
Extent xix,535 p.;ill
500 ## - GENERAL NOTE
General note Includes bibliography and index.
500 ## - GENERAL NOTE
General note Includes bibliography and index.
650 ## - SUBJECT ADDED ENTRY--TOPICAL TERM
Topical term or geographic name as entry element Microbiology
9 (RLIN) 394
942 ## - ADDED ENTRY ELEMENTS (KOHA)
Source of classification or shelving scheme Library of Congress Classification
Koha item type L
Edition 5th ed.
980 ## - EQUIVALENCE OR CROSS-REFERENCE-SERIES STATEMENT--PERSONAL NAME/TITLE [LOCAL, CANADA]
Personal name ^d20150529 12:18:01^oanne

No items available.

© 2016 Maasai Mara University.